00731nam a2200241 a 4500001001300000003000900013005001700022008004100039020002300080082001600103100002600119245005300145260004000198300000900238500003500247505001100282650002100293700002600314902000800340942000700348952011700355999001700472nice12345678IN_TiNIC20260116014132.0090112s2007 newa grp 000 0 eng  a8125032681 c49500a306.44bSKU aSkutnabb-Kangas, Tove aBilingualism or Not; the EDUCATION OF MINORITIES aNew Delhi bOrient Blackswan c2007 a378p aincludes index and biblioraphy2 aBIBLIO aLanguage-Culture1 aSkutnabb-Kangas, Tove bSRS cBK 001040708StackRoom-aHMIbHMId2009-01-12g495.00l0o306.44 SKUp022600r2009-01-12v495.00w2009-01-12yBK c14034d14034